000 00744nam a2200253 i 4500
001 C2-0275313
003 PPAK
005 20180728004134.0
008 061016s1994 nyua|||| ||||| | eng d
020 _a1558597506
040 _aPPAK
_beng
_cPPAK
_erda
082 0 4 _a728.80973
_223
090 0 0 _a728.80973
_bMCA
_dRLCK
100 1 _aMcalester, Virginia,
_eauthor
245 1 0 _aGreat American houses and their architectural styles
264 1 _aNew York :
_bAbbeville Press ,
_c1994
300 _a348 pages :
_bcolour illustrations ;
_c25 cm
336 _2rdacontent
_atext
337 _2rdamedia
_aunmediated
338 _2rdacarrier
_avolume
650 1 0 _aArchitecture, Domestic - United States.
700 _eauthor
942 _ddc
_cB
999 _c82997
_d82997